| 000 | 00442nam a22001697a 4500 | ||
|---|---|---|---|
| 003 | CEME | ||
| 005 | 20210628203203.0 | ||
| 008 | 210301b xxu||||| |||| 00| 0 eng d | ||
| 040 | _c. | ||
| 082 | _a621.3815 EMB | ||
| 100 |
_aMicrochip Technology _963847 |
||
| 245 | _aEmbedded control handbook | ||
| 260 |
_aUSA _bMICROCHIP TECHNOLOGY _c1993 |
||
| 300 | _a650P | ||
| 650 |
_aEMBEDDED CONTROL, SYSTEM SOLUTIONS _963848 |
||
| 942 |
_cBK _2ddc |
||
| 999 |
_c572550 _d572550 |
||